[Event "Niederoesterreich-ch Seniors op"]
[Site "Spitz in der Wachau"]
[Date "2020.10.16"]
[Round "6"]
[White "Teichmeister, Sven"]
[Black "Hollstein, Frank"]
[Result "0-1"]
[WhiteElo "1878"]
[BlackElo "2061"]
[PlyCount "42"]
[EventDate "2020.10.11"]
[EventType "swiss"]
[EventRounds "7"]
[EventCountry "AUT"]
[SourceTitle "CBM 198 Extra"]
[Source "ChessBase"]
[SourceDate "2020.11.30"]
[SourceVersion "1"]
[SourceVersionDate "2020.11.30"]
[SourceQuality "1"]

1. d4 Nf6 2. Nf3 b6 3. e3 Bb7 4. Bd3 c5 5. 0-0 g6 6. c4 cxd4 7. exd4 d5 8. Nc3 Bg7 9. Be3 0-0 10. Ne5 Nc6 11. f4 Nb4 12. Be2 dxc4 13. Bxc4 Nbd5 14. Qe2 e6 15. Rac1 Rc8 16. Bb3 Qe7 17. g4 Qb4 18. f5 Nxe3 19. Qxe3 Nxg4 20. Qf4 Bxe5 21. dxe5 Qc5+ 0-1

[Event "Niederoesterreich-ch Seniors op"]
[Site "Spitz in der Wachau"]
[Date "2020.10.13"]
[Round "3"]
[White "Fasser, Walter"]
[Black "Teichmeister, Sven"]
[Result "1/2-1/2"]
[WhiteElo "1952"]
[BlackElo "1878"]
[PlyCount "100"]
[EventDate "2020.10.11"]
[EventType "swiss"]
[EventRounds "7"]
[EventCountry "AUT"]
[SourceTitle "CBM 198 Extra"]
[Source "ChessBase"]
[SourceDate "2020.11.30"]
[SourceVersion "1"]
[SourceVersionDate "2020.11.30"]
[SourceQuality "1"]

1. c4 e5 2. Nc3 d6 3. e3 Nf6 4. Nf3 Be7 5. d4 exd4 6. exd4 0-0 7. Be2 b6 8. 0-0 Bb7 9. d5 Nbd7 10. Be3 Ng4 11. Bd4 Bf6 12. Ne4 Bxd4 13. Nxd4 Ngf6 14. Ng3 Nc5 15. Bf3 Re8 16. Qc2 Re5 17. b4 Ncd7 18. Be2 a6 19. a4 Qf8 20. Bd3 g6 21. Nf3 Re7 22. Rfe1 Rxe1+ 23. Rxe1 Re8 24. Qc3 Rxe1+ 25. Qxe1 Qe8 26. Qxe8+ Nxe8 27. Nd4 Nef6 28. f4 Kg7 29. h3 Kf8 30. Kf2 Kg7 31. Ke3 Kf8 32. Nge2 Kg7 33. g4 h6 34. Ng3 Kf8 35. Kf3 Kg7 36. h4 Bc8 37. g5 hxg5 38. hxg5 Ng8 39. Ne4 Ne7 40. Nf2 Kg8 41. Ng4 Kg7 42. Kg3 Bb7 43. Ne3 Kg8 44. Be4 Kg7 45. Bf3 Kg8 46. Bg4 Bc8 47. Nc6 Kf8 48. Nc2 Ke8 49. N2d4 Bb7 50. Nxe7 Kxe7 1/2-1/2

[Event "North Austria-ch Seniors 65"]
[Site "Spitz am Donau"]
[Date "2018.10.08"]
[Round "2.1"]
[White "Teichmeister, Sven"]
[Black "Singer, Hans"]
[Result "1/2-1/2"]
[WhiteElo "1992"]
[BlackElo "2176"]
[PlyCount "70"]
[EventDate "2018.10.07"]
[EventType "swiss"]
[EventRounds "7"]
[EventCountry "AUT"]
[SourceTitle "EXT 2024"]
[Source "ChessBase"]
[SourceDate "2023.10.10"]
[SourceVersion "1"]
[SourceVersionDate "2023.10.10"]
[SourceQuality "1"]

1. d4 Nf6 2. Nf3 e6 3. e3 b6 4. Bd3 Bb7 5. Nbd2 d5 6. Ne5 Be7 7. 0-0 0-0 8. Qe2 c5 9. c3 Nbd7 10. f4 Qc7 11. Ndf3 Ne4 12. Nxd7 Qxd7 13. Ne5 Qc7 14. Bd2 f6 15. Nf3 Rad8 16. Be1 Bd6 17. Nd2 Rde8 18. Nxe4 dxe4 19. Bb5 Bc6 20. Bc4 Bd5 21. Bb5 Rd8 22. c4 Bc6 23. Bxc6 Qxc6 24. Bc3 cxd4 25. Bxd4 Bc5 26. Bxc5 Qxc5 27. Rfd1 f5 28. b3 h6 29. Kf2 e5 30. g3 exf4 31. gxf4 Qe7 32. Rxd8 Rxd8 33. Rd1 Qh4+ 34. Kg1 Kh7 35. Rd5 Rf8 1/2-1/2

[Event "North Austria-ch Seniors 65"]
[Site "Spitz am Donau"]
[Date "2017.10.11"]
[Round "4"]
[White "Fasser, Walter"]
[Black "Teichmeister, Sven"]
[Result "1-0"]
[WhiteElo "1904"]
[BlackElo "2005"]
[PlyCount "105"]
[EventDate "2017.10.08"]
[EventType "swiss"]
[EventRounds "7"]
[EventCountry "AUT"]
[SourceTitle "CBM 181 Extra"]
[Source "ChessBase"]
[SourceDate "2017.12.12"]
[SourceVersion "1"]
[SourceVersionDate "2017.12.12"]
[SourceQuality "1"]

1. e4 d6 2. d4 Nf6 3. Bd3 e5 4. c3 Be7 5. Nf3 Nbd7 6. 0-0 c6 7. Nbd2 0-0 8. Re1 Qc7 9. Nf1 Re8 10. Ng3 g6 11. Bh6 Nf8 12. h3 Ne6 13. Qd2 Ng7 14. Rad1 Ngh5 15. Nxh5 Nxh5 16. Bf1 Ng7 17. dxe5 dxe5 18. Bc4 Ne6 19. Ng5 Nxg5 20. Bxg5 Bxg5 21. Qxg5 Be6 22. Bxe6 Rxe6 23. Qd2 Ree8 24. Re3 Rad8 25. Rd3 Rxd3 26. Qxd3 Kg7 27. Rd2 Kg8 28. c4 Kg7 29. a3 a6 30. c5 Kf8 31. b4 Ke7 32. Qg3 Kf8 33. Rd6 b6 34. Qh4 bxc5 35. bxc5 Kg8 36. Qf6 Qe7 37. Qxe7 Rxe7 38. Rxc6 Ra7 39. Rc8+ Kg7 40. c6 Kf6 41. c7 Kg5 42. g3 h5 43. h4+ Kf6 44. Kg2 Rb7 45. a4 Kg7 46. a5 Kf6 47. Kf1 Rb1+ 48. Ke2 Rb2+ 49. Kd3 Rb3+ 50. Kc4 Rb2 51. Kd5 Rc2 52. Kd6 Rd2+ 53. Kc6 1-0

[Event "WchT Seniors 65"]
[Site "Radebeul"]
[Date "2016.06.28"]
[Round "3.4"]
[White "Teichmeister, Sven"]
[Black "Van Oosten, Arend"]
[Result "0-1"]
[WhiteElo "2005"]
[BlackElo "2082"]
[PlyCount "56"]
[EventDate "2016.06.26"]
[EventType "team-swiss"]
[EventRounds "9"]
[EventCountry "GER"]
[SourceTitle "CBM 173 Extra"]
[Source "ChessBase"]
[SourceDate "2016.08.29"]
[SourceVersion "1"]
[SourceVersionDate "2016.08.29"]
[SourceQuality "1"]
[WhiteTeam "Wien"]
[BlackTeam "Oranje"]
[WhiteTeamCountry "AUT"]
[BlackTeamCountry "NED"]

1. d4 e6 2. Nf3 f5 3. Nc3 Nf6 4. Bg5 d5 5. e3 Be7 6. Ne5 0-0 7. f3 Nbd7 8. Nxd7 Bxd7 9. Be2 c5 10. 0-0 b6 11. Re1 h6 12. Bh4 Bd6 13. Bf1 Qc7 14. h3 f4 15. exf4 Bxf4 16. Ne2 Bh2+ 17. Kh1 Nh5 18. g4 Nf4 19. Nxf4 Bxf4 20. c3 Rae8 21. Qd3 Bc6 22. Qg6 c4 23. Rxe6 Bd7 24. Re2 Rxe2 25. Bxe2 Bg3 26. Be7 Be8 27. Qe6+ Bf7 28. Qe3 Re8 0-1

[Event "AUT-ch Seniors"]
[Site "Wirt im Feld"]
[Date "2015.09.13"]
[Round "1"]
[White "Stubauer, Leopold"]
[Black "Teichmeister, Sven"]
[Result "0-1"]
[WhiteElo "1773"]
[BlackElo "2063"]
[PlyCount "98"]
[EventDate "2015.09.13"]
[EventType "swiss"]
[EventRounds "7"]
[EventCountry "AUT"]
[SourceTitle "EXT 2016"]
[Source "ChessBase"]
[SourceDate "2015.10.08"]
[SourceVersion "1"]
[SourceVersionDate "2015.10.08"]
[SourceQuality "1"]

1. e4 c5 2. Nf3 g6 3. Bc4 Bg7 4. 0-0 Nc6 5. Nc3 Nf6 6. Re1 0-0 7. a3 a6 8. d4 cxd4 9. Nxd4 Qc7 10. Nxc6 dxc6 11. Bb3 e5 12. Bg5 Re8 13. Qf3 Bg4 14. Qe3 Be6 15. Bxe6 Rxe6 16. Rad1 Rd8 17. Rxd8+ Qxd8 18. Rd1 Rd6 19. Rxd6 Qxd6 20. Qd3 Qxd3 21. cxd3 Nd7 22. b4 Bf8 23. Be3 a5 24. bxa5 Bxa3 25. Na2 Kf8 26. Kf1 Ke7 27. Ke2 Kd6 28. Kd2 Bc5 29. Kc3 Bxe3 30. fxe3 Kc5 31. a6 bxa6 32. Nb4 a5 33. Na6+ Kb6 34. Nb4 axb4+ 35. Kxb4 Nf6 36. h3 c5+ 37. Kc4 Kc6 38. g4 Nd7 39. g5 f6 40. gxf6 Nxf6 41. Kc3 g5 42. Kd2 h5 43. Ke2 Kb5 44. Kf3 Kb4 45. d4 cxd4 46. exd4 exd4 47. e5 Ne8 48. Ke4 Kc3 49. Kf5 d3 0-1

[Event "EU-chT Seniors"]
[Site "Vienna"]
[Date "2015.07.13"]
[Round "2.7"]
[White "Teichmeister, Sven"]
[Black "Saunina, Ludmila"]
[Result "1/2-1/2"]
[WhiteElo "2030"]
[BlackElo "2157"]
[PlyCount "112"]
[EventDate "2015.07.12"]
[EventType "team-swiss"]
[EventRounds "9"]
[EventCountry "AUT"]
[SourceTitle "EXT 2018"]
[Source "ChessBase"]
[SourceDate "2017.10.13"]
[SourceVersion "1"]
[SourceVersionDate "2017.10.13"]
[SourceQuality "1"]
[WhiteTeam "Wien"]
[BlackTeam "Russia (W)"]
[WhiteTeamCountry "AUT"]
[BlackTeamCountry "RUS"]

1. d4 Nf6 2. Nf3 e6 3. e3 c5 4. Bd3 b6 5. Qe2 Bb7 6. Nbd2 Nc6 7. c3 Be7 8. e4 cxd4 9. Nxd4 d6 10. 0-0 0-0 11. N2f3 Qc7 12. Bg5 a6 13. Rfe1 Rfe8 14. Rad1 h6 15. Bh4 Nd7 16. Bg3 b5 17. Bb1 Red8 18. Nxc6 Qxc6 19. Rd2 e5 20. Bh4 Nf6 21. Red1 Kf8 22. Ne1 Nxe4 23. Bxe7+ Kxe7 24. Rd3 Kf8 25. Nf3 Nf6 26. Re3 Rac8 27. Qc2 Re8 28. Qf5 Rcd8 29. Nh4 Qc8 30. Qxc8 Bxc8 31. Nf3 Bb7 32. Rde1 Nd5 33. R3e2 Nf4 34. Re3 g6 35. Be4 Bxe4 36. Rxe4 Nd3 37. Rb1 f5 38. Re2 Kf7 39. Rd1 Nc5 40. Red2 Ne4 41. Rd5 Ke7 42. Kf1 g5 43. Ke2 g4 44. Nd2 Nf6 45. Rd3 d5 46. Nb3 Rc8 47. f3 h5 48. fxg4 hxg4 49. Re3 e4 50. Rf1 Rh8 51. h3 gxh3 52. gxh3 Rcg8 53. Rxf5 Rg2+ 54. Rf2 Rg1 55. Rf1 Rg2+ 56. Rf2 Rg1 1/2-1/2

[Event "Bad Wiessee Seniors op"]
[Site "Bad Wiessee"]
[Date "2012.04.25"]
[Round "5"]
[White "Teichmeister, Sven"]
[Black "Schoenfelder, Heinrich"]
[Result "1-0"]
[WhiteElo "1933"]
[BlackElo "1720"]
[PlyCount "61"]
[EventDate "2012.04.21"]
[EventType "swiss"]
[EventRounds "9"]
[EventCountry "GER"]
[SourceTitle "EXT 2015"]
[Source "ChessBase"]
[SourceDate "2014.11.20"]
[SourceVersion "1"]
[SourceVersionDate "2014.11.20"]
[SourceQuality "1"]

1. e4 c5 2. Nc3 Nc6 3. f4 e6 4. Nf3 d5 5. Bb5 a6 6. Bxc6+ bxc6 7. 0-0 Nf6 8. d3 Be7 9. Qe2 d4 10. Nb1 0-0 11. Nbd2 h6 12. Nc4 Bb7 13. Bd2 a5 14. a4 Qc7 15. Nfe5 Bd8 16. f5 Bc8 17. g4 Nd7 18. Bf4 Nxe5 19. Bxe5 Qb7 20. f6 gxf6 21. Bxf6 Bxf6 22. Rxf6 Kg7 23. e5 Ra7 24. Raf1 Qb4 25. b3 Bd7 26. Qf3 Be8 27. Qf4 Rh8 28. Nd6 Qb8 29. Nxf7 Bxf7 30. Rxf7+ Kg8 31. Rf8+ 1-0

[Event "EU-chT Seniors"]
[Site "Rogaska Slatina"]
[Date "2012.03.29"]
[Round "3.13"]
[White "Kratschmer, Heinz"]
[Black "Teichmeister, Sven"]
[Result "1/2-1/2"]
[WhiteElo "2164"]
[BlackElo "2039"]
[PlyCount "47"]
[EventDate "2012.03.27"]
[EventType "team-swiss"]
[EventRounds "9"]
[EventCountry "SLO"]
[SourceTitle "CBM 147 Extra"]
[Source "ChessBase"]
[SourceDate "2012.04.24"]
[SourceVersion "1"]
[SourceVersionDate "2012.04.24"]
[SourceQuality "1"]
[WhiteTeam "Steiermark (Seniors)"]
[BlackTeam "Vienna (Seniors) II"]
[WhiteTeamCountry "AUT"]
[BlackTeamCountry "AUT"]

1. d4 Nf6 2. Nf3 e6 3. e3 c5 4. Bd3 d5 5. c3 Be7 6. Nbd2 0-0 7. 0-0 b6 8. Qe2 Bb7 9. Ne5 Nbd7 10. Ndf3 Ne4 11. Nxd7 Qxd7 12. Ne5 Qc7 13. f3 f6 14. Ng4 Nd6 15. Bd2 Nf7 16. e4 e5 17. exd5 exd4 18. c4 Rae8 19. Rae1 Qd7 20. Qf2 f5 21. Ne5 Nxe5 22. Rxe5 Bd6 23. Rxe8 Rxe8 24. Re1 1/2-1/2

[Event "AUT-ch Seniors"]
[Site "Spitz am Donau"]
[Date "2011.10.09"]
[Round "6"]
[White "Teichmeister, Sven"]
[Black "Sepetavc, Walter"]
[Result "1-0"]
[WhiteElo "2044"]
[BlackElo "2001"]
[PlyCount "47"]
[EventDate "2011.10.04"]
[EventType "swiss"]
[EventRounds "9"]
[EventCountry "AUT"]
[SourceTitle "CBM 144 Extra"]
[Source "ChessBase"]
[SourceDate "2011.10.28"]
[SourceVersion "1"]
[SourceVersionDate "2011.10.28"]
[SourceQuality "1"]

1. e4 c5 2. Nc3 g6 3. f4 Bg7 4. Nf3 d6 5. Bb5+ Bd7 6. Bc4 e6 7. 0-0 Ne7 8. d3 a6 9. a4 Nbc6 10. Bd2 Nd4 11. Nxd4 Bxd4+ 12. Kh1 Bc6 13. f5 gxf5 14. Qh5 d5 15. exd5 Nxd5 16. Rae1 0-0 17. Bxd5 Bxd5 18. Nxd5 Qxd5 19. Bh6 Rfc8 20. Rf3 Kh8 21. c3 Bg7 22. Rh3 f4 23. Bxg7+ Kxg7 24. Re5 1-0